[Event "American Continental 11th"]
[Site "Montevideo"]
[Date "2015.05.22"]
[Round "9"]
[White "D'Andrea, Leonardo"]
[Black "Caceres Vasquez, Sergio"]
[Result "1/2-1/2"]
[WhiteElo "1984"]
[BlackElo "2087"]
[PlyCount "133"]
[EventDate "2015.05.15"]
[EventType "swiss"]
[EventRounds "11"]
[EventCountry "URU"]
[SourceTitle "CBM 167"]
[Source "ChessBase"]
[SourceDate "2015.07.13"]
[SourceVersion "1"]
[SourceVersionDate "2015.07.13"]
[SourceQuality "1"]

1. Nf3 c5 2. e3 Nf6 3. d4 g6 4. Bd3 Bg7 5. Nbd2 d6 6. 0-0 0-0 7. c3 Nc6 8. Qe2 e5 9. dxc5 dxc5 10. e4 Nh5 11. Nc4 Nf4 12. Bxf4 exf4 13. a4 Bg4 14. Rfd1 Qc7 15. Bc2 Rad8 16. Rxd8 Rxd8 17. Rd1 Na5 18. Nxa5 Qxa5 19. h3 Bc8 20. Qc4 Rxd1+ 21. Bxd1 Qd8 22. Bc2 Qe7 23. Qd5 b6 24. Qd2 g5 25. Qd5 h6 26. Qd3 Qd7 27. Qe2 Bb7 28. Nd2 Bc6 29. Qd1 Be5 30. f3 Kg7 31. Kf2 a6 32. Nc4 Qxd1 33. Bxd1 Bc7 34. Ke1 b5 35. axb5 axb5 36. Na3 Kf6 37. Kd2 Ke5 38. Be2 c4 39. Nc2 Bd7 40. Bd1 f5 41. exf5 Bxf5 42. Nd4 Bd7 43. b3 cxb3 44. Bxb3 b4 45. Ne2 bxc3+ 46. Kxc3 Ba5+ 47. Kc2 Bb5 48. Kd1 Kd6 49. h4 Ke5 50. hxg5 hxg5 51. Bc2 Kf6 52. g3 g4 53. gxf4 gxf3 54. Ng3 Bc4 55. Ne4+ Ke7 56. Ng3 Bc7 57. Be4 f2 58. Bg2 Bxf4 59. Nf1 Ke6 60. Nd2 Bd5 61. Bf1 Bb7 62. Ke2 Bg3 63. Ke3 Kf5 64. Bh3+ Kg5 65. Ne4+ Kh4 66. Bf1 Bxe4 67. Kxe4 1/2-1/2

[Event "American Continental 11th"]
[Site "Montevideo"]
[Date "2015.05.19"]
[Round "6"]
[White "Pichuaga, Juan Pablo"]
[Black "D'Andrea, Leonardo"]
[Result "1/2-1/2"]
[WhiteElo "2141"]
[BlackElo "1984"]
[PlyCount "22"]
[EventDate "2015.05.15"]
[EventType "swiss"]
[EventRounds "11"]
[EventCountry "URU"]
[SourceTitle "CBM 167"]
[Source "ChessBase"]
[SourceDate "2015.07.13"]
[SourceVersion "1"]
[SourceVersionDate "2015.07.13"]
[SourceQuality "1"]

1. e4 e5 2. Nf3 Nc6 3. Bb5 Nge7 4. d4 exd4 5. Nxd4 g6 6. 0-0 Bg7 7. c3 0-0 8. Nxc6 bxc6 9. Be2 d5 10. Qc2 f5 11. exd5 cxd5 1/2-1/2

[Event "URU-ch sf"]
[Site "Montevideo"]
[Date "2014.03.03"]
[Round "6"]
[White "Granara Barreto, Sebastian A"]
[Black "D'Andrea, Leonardo"]
[Result "1/2-1/2"]
[WhiteElo "2170"]
[BlackElo "1922"]
[PlyCount "84"]
[EventDate "2014.02.28"]
[EventType "swiss"]
[EventRounds "9"]
[EventCountry "URU"]
[SourceTitle "CBM 159 Extra"]
[Source "ChessBase"]
[SourceDate "2014.04.24"]
[SourceVersion "1"]
[SourceVersionDate "2014.04.24"]
[SourceQuality "1"]

1. c4 Nf6 2. g3 e6 3. Bg2 d5 4. Nf3 Be7 5. 0-0 0-0 6. d4 Nbd7 7. b3 Ne4 8. Bb2 f5 9. Nbd2 Nxd2 10. Qxd2 c6 11. a4 Nf6 12. Ne5 Qe8 13. Ba3 Bxa3 14. Rxa3 Qh5 15. Bf3 Qh3 16. Qg5 g6 17. c5 a5 18. Rb1 Kg7 19. b4 axb4 20. Rxb4 Qh6 21. Qxh6+ Kxh6 22. a5 Kg7 23. a6 bxa6 24. Nxc6 Rf7 25. Na5 Rc7 26. Rab3 Ng8 27. Rb6 Ne7 28. e3 e5 29. Be2 exd4 30. exd4 f4 31. Bf3 Raa7 32. g4 Bd7 33. Be2 Nc8 34. Kg2 Ne7 35. h3 h5 36. f3 Bc8 37. c6 Kf6 38. Rb7 Ke6 39. Rxa7 Rxa7 40. Rb7 Ra8 41. Rb6 hxg4 42. hxg4 Kd6 1/2-1/2

[Event "URU-ch sf"]
[Site "Montevideo"]
[Date "2014.03.02"]
[Round "5"]
[White "D'Andrea, Leonardo"]
[Black "Lopez Falcon, Jorge"]
[Result "1-0"]
[WhiteElo "1922"]
[BlackElo "2143"]
[PlyCount "75"]
[EventDate "2014.02.28"]
[EventType "swiss"]
[EventRounds "9"]
[EventCountry "URU"]
[SourceTitle "CBM 159 Extra"]
[Source "ChessBase"]
[SourceDate "2014.04.24"]
[SourceVersion "1"]
[SourceVersionDate "2014.04.24"]
[SourceQuality "1"]

1. d4 Nf6 2. c4 g6 3. Nc3 d5 4. cxd5 Nxd5 5. e4 Nxc3 6. bxc3 Bg7 7. Be3 0-0 8. Rc1 c5 9. Qd2 Qc7 10. Nf3 Rd8 11. Bc4 Nc6 12. Ng5 e6 13. Nf3 Na5 14. Be2 c4 15. Bg5 Re8 16. e5 b5 17. 0-0 Bb7 18. Qf4 Nc6 19. Nd2 Ne7 20. Bf3 Bxf3 21. Qxf3 Nd5 22. Ne4 Rab8 23. Qh3 a5 24. Qh4 Rb6 25. f4 Ne3 26. Rf3 Nf5 27. Qf2 h6 28. Nf6+ Bxf6 29. Bxf6 Kh7 30. g4 Ng7 31. Rh3 h5 32. gxh5 Nxh5 33. Qh4 Rh8 34. Qg5 Kg8 35. Bxh8 Kxh8 36. Rxh5+ gxh5 37. Qh6+ Kg8 38. Kf2 1-0

[Event "URU-ch sf"]
[Site "Montevideo"]
[Date "2014.03.01"]
[Round "3"]
[White "Curi, Gabriel"]
[Black "D'Andrea, Leonardo"]
[Result "1-0"]
[WhiteElo "2135"]
[BlackElo "1922"]
[PlyCount "73"]
[EventDate "2014.02.28"]
[EventType "swiss"]
[EventRounds "9"]
[EventCountry "URU"]
[SourceTitle "CBM 159 Extra"]
[Source "ChessBase"]
[SourceDate "2014.04.24"]
[SourceVersion "1"]
[SourceVersionDate "2014.04.24"]
[SourceQuality "1"]

1. e4 e5 2. Nf3 Nc6 3. Bb5 a6 4. Ba4 Nf6 5. 0-0 Be7 6. Qe2 0-0 7. c3 b5 8. Bb3 d6 9. Rd1 Na5 10. Bc2 c5 11. d3 Qc7 12. Nbd2 g6 13. Nf1 Nh5 14. Bh6 Re8 15. Ne3 Be6 16. Ng5 Nf4 17. Qf3 Bf8 18. Nxe6 fxe6 19. Bxf4 exf4 20. Qxf4 Bg7 21. Qg4 Nc6 22. f4 Rad8 23. Bb3 Qc8 24. Rac1 Kh8 25. h4 Na5 26. Bc2 Nc6 27. h5 gxh5 28. Qxh5 Ne7 29. d4 e5 30. fxe5 dxe5 31. Nd5 Ng6 32. Rd3 cxd4 33. Rh3 Nf8 34. Rf1 h6 35. Rf7 Qc6 36. Nf6 Re6 37. Qxh6+ 1-0

[Event "URU-ch sf"]
[Site "Montevideo"]
[Date "2014.03.01"]
[Round "2"]
[White "D'Andrea, Leonardo"]
[Black "Idiarte Borda, Jorge"]
[Result "1/2-1/2"]
[WhiteElo "1922"]
[BlackElo "2080"]
[PlyCount "161"]
[EventDate "2014.02.28"]
[EventType "swiss"]
[EventRounds "9"]
[EventCountry "URU"]
[SourceTitle "CBM 159 Extra"]
[Source "ChessBase"]
[SourceDate "2014.04.24"]
[SourceVersion "1"]
[SourceVersionDate "2014.04.24"]
[SourceQuality "1"]

1. d4 d5 2. c4 c6 3. Nc3 e6 4. cxd5 exd5 5. Qc2 f5 6. Nf3 Nf6 7. Bf4 Bd6 8. Bxd6 Qxd6 9. e3 0-0 10. Bd3 Ne4 11. g4 Nxf2 12. Qxf2 fxg4 13. Qh4 Rxf3 14. Qxh7+ Kf7 15. 0-0-0 Qh6 16. Qxh6 gxh6 17. Be2 Rxe3 18. Kd2 Re7 19. Rdf1+ Kg7 20. Rhg1 h5 21. h3 Rf7 22. Rc1 Bf5 23. hxg4 hxg4 24. Bxg4 Bxg4 25. Rxg4+ Kf8 26. Rcg1 Ke7 27. Rg8 Rf8 28. R1g7+ Rf7 29. Na4 b6 30. Rg6 Rf8 31. R6g7+ Rf7 32. Rxf7+ Kxf7 33. Rh8 Ke7 34. b4 Kd6 35. Nc3 b5 36. a4 a6 37. Ke3 Kc7 38. Kf4 Kb7 39. Rh7+ Kc8 40. Ke5 a5 41. bxa5 b4 42. Na2 b3 43. Nb4 Rxa5 44. Rh3 Rxa4 45. Rxb3 Kc7 46. Ke6 Na6 47. Nxa6+ Rxa6 48. Ke5 Ra1 49. Re3 Rh1 50. Re2 Rh4 51. Re3 Kd7 52. Re1 Rh5+ 53. Kf6 Kd6 54. Re6+ Kc7 55. Re1 Rh4 56. Ke5 Kb6 57. Rb1+ Kc7 58. Re1 Rh6 59. Rg1 Rh7 60. Kf5 Rh4 61. Rd1 Re4 62. Rd2 Kb6 63. Rb2+ Ka5 64. Rc2 Kb5 65. Rb2+ Kc4 66. Rc2+ Kxd4 67. Rxc6 Kd3 68. Rc1 Re3 69. Rd1+ Kc4 70. Rc1+ Kd4 71. Kf4 Rc3 72. Rd1+ Kc4 73. Ke5 Re3+ 74. Kf4 d4 75. Rc1+ Rc3 76. Ra1 Kb3 77. Ke4 d3 78. Ke3 Kc2 79. Ra2+ Kb3 80. Ra8 Kb2 81. Kd2 1/2-1/2

[Event "Montevideo Trebejos 02"]
[Site "Montevideo"]
[Date "2014.02.13"]
[Round "5"]
[White "Granara Barreto, Sebastian A"]
[Black "D'Andrea, Leonardo"]
[Result "1-0"]
[WhiteElo "2170"]
[BlackElo "1922"]
[PlyCount "65"]
[EventDate "2014.02.05"]
[EventType "tourn"]
[EventRounds "7"]
[EventCountry "URU"]
[SourceTitle "CBM 159 Extra"]
[Source "ChessBase"]
[SourceDate "2014.04.24"]
[SourceVersion "1"]
[SourceVersionDate "2014.04.24"]
[SourceQuality "1"]

1. c4 Nf6 2. g3 g6 3. Bg2 Bg7 4. Nc3 0-0 5. Nf3 c6 6. 0-0 d5 7. cxd5 cxd5 8. d4 Nc6 9. Ne5 e6 10. Nxc6 bxc6 11. Na4 Nd7 12. Be3 e5 13. dxe5 Nxe5 14. Rc1 Re8 15. b3 Ng4 16. Bd4 Bd7 17. Nc5 Bc8 18. Bxg7 Kxg7 19. e4 Nf6 20. exd5 Nxd5 21. Qd4+ f6 22. Rcd1 Qa5 23. Bxd5 cxd5 24. Qxd5 Re5 25. Qxa8 Rxc5 26. Rc1 Qc7 27. Rxc5 Qxc5 28. Qe4 Bf5 29. Qe3 Qa3 30. Rc1 g5 31. Rc7+ Kg6 32. Qe7 Qb2 33. Qxh7# 1-0

[Event "Montevideo Verano Serie B"]
[Site "Montevideo"]
[Date "2014.01.10"]
[Round "2.1"]
[White "D'Andrea, Leonardo"]
[Black "Augoustis Funti, Alexis"]
[Result "1/2-1/2"]
[WhiteElo "1924"]
[BlackElo "1951"]
[PlyCount "115"]
[EventDate "2014.01.09"]
[EventType "tourn"]
[EventRounds "7"]
[EventCountry "URU"]
[SourceTitle "EXT 2024"]
[Source "ChessBase"]
[SourceDate "2023.10.10"]
[SourceVersion "1"]
[SourceVersionDate "2023.10.10"]
[SourceQuality "1"]

1. d4 e6 2. c4 Nf6 3. Nc3 Bb4 4. f3 c5 5. a3 Bxc3+ 6. bxc3 Nc6 7. e4 d6 8. Ne2 0-0 9. Ng3 e5 10. d5 Na5 11. Bd3 b6 12. 0-0 Ba6 13. Qe2 Qd7 14. Bg5 Ne8 15. Nf5 f6 16. Bh4 g6 17. Ne3 Ng7 18. f4 exf4 19. Rxf4 g5 20. Rg4 h5 21. Rg3 Rae8 22. Rf1 Re5 23. Nf5 Nxf5 24. Rxf5 Qxf5 25. exf5 Rxe2 26. Bxe2 Kh7 27. Bxh5 gxh4 28. Bg6+ Kh6 29. Rg4 Bxc4 30. Rxh4+ Kg7 31. Rh7+ Kg8 32. Rd7 Bxd5 33. h4 Nc4 34. h5 b5 35. h6 Bf7 36. Rxa7 Ne5 37. Rb7 Bxg6 38. fxg6 Nxg6 39. Rg7+ Kh8 40. Rxg6 Rf7 41. Rg4 Ra7 42. Rf4 Rxa3 43. Rxf6 Rxc3 44. Rxd6 b4 45. Kf2 b3 46. g4 c4 47. g5 Kh7 48. Rd7+ Kg6 49. Rg7+ Kf5 50. h7 Rh3 51. g6 b2 52. Rb7 Kxg6 53. Rxb2 Rxh7 54. Ke3 Kf5 55. Kd4 Rh4+ 56. Kc3 Ke5 57. Rb5+ Kd6 58. Rg5 1/2-1/2

[Event "Pan American-ch Amateur"]
[Site "Montevideo"]
[Date "2013.10.25"]
[Round "3"]
[White "Andor, Jorge"]
[Black "D'Andrea, Leonardo"]
[Result "0-1"]
[WhiteElo "1836"]
[BlackElo "1936"]
[PlyCount "72"]
[EventDate "2013.10.24"]
[EventType "swiss"]
[EventRounds "9"]
[EventCountry "URU"]
[SourceTitle "EXT 2014"]
[Source "ChessBase"]
[SourceDate "2013.11.20"]
[SourceVersion "1"]
[SourceVersionDate "2013.11.20"]
[SourceQuality "1"]

1. b3 d5 2. Bb2 c5 3. e3 Nc6 4. Bb5 Bd7 5. Nf3 a6 6. Bxc6 Bxc6 7. Ne5 Rc8 8. 0-0 Nf6 9. d3 e6 10. Nd2 Bd6 11. f4 b5 12. Nxc6 Rxc6 13. Qf3 Rc7 14. h3 0-0 15. g4 c4 16. Bd4 c3 17. Nb1 Qc8 18. g5 Nd7 19. a3 a5 20. h4 b4 21. axb4 axb4 22. h5 Bc5 23. Be5 Nxe5 24. fxe5 Be7 25. Qg4 Kh8 26. Rf3 h6 27. gxh6 gxh6 28. Kh1 Rg8 29. Qf4 Bf8 30. Ra4 Rg5 31. Rh3 Rf5 32. Qh4 Be7 33. Qe1 Qg8 34. e4 dxe4 35. dxe4 Rg5 36. Qe3 Bc5 0-1

[Event "Montevideo zt 2.5"]
[Site "Montevideo"]
[Date "2013.04.22"]
[Round "5"]
[White "Mesias Rojas, Rabindranath"]
[Black "D'Andrea, Leonardo"]
[Result "1-0"]
[WhiteElo "2213"]
[BlackElo "1921"]
[PlyCount "85"]
[EventDate "2013.04.19"]
[EventType "swiss"]
[EventRounds "9"]
[EventCountry "URU"]
[SourceTitle "CBM 154 Extra"]
[Source "ChessBase"]
[SourceDate "2013.06.25"]
[SourceVersion "2"]
[SourceVersionDate "2013.06.25"]
[SourceQuality "1"]

1. e4 e5 2. Nf3 Nc6 3. d4 exd4 4. Nxd4 Nf6 5. Nxc6 bxc6 6. e5 Qe7 7. Qe2 Nd5 8. c4 Ba6 9. g3 g6 10. b3 Bg7 11. Bb2 0-0 12. Bg2 Rfe8 13. 0-0 f6 14. Qd2 Nb6 15. exf6 Bxf6 16. Nc3 Qg7 17. Rab1 Rad8 18. Ne4 Bxb2 19. Qxb2 Qxb2 20. Rxb2 d5 21. Nf6+ Kf7 22. Nxe8 Rxe8 23. cxd5 cxd5 24. Rd2 c6 25. a4 Nd7 26. Rc1 Bb7 27. h3 Ne5 28. f4 Nd7 29. Kf2 Nf6 30. Bf3 Ne4+ 31. Bxe4 Rxe4 32. Rc3 Rb4 33. Ke3 Ke6 34. Rd4 a5 35. Rxb4 axb4 36. Rc5 Kd6 37. Kd4 h5 38. g4 hxg4 39. hxg4 Bc8 40. g5 Kc7 41. a5 Ba6 42. Rc1 Kd6 43. f5 1-0

[Event "Montevideo zt 2.5"]
[Site "Montevideo"]
[Date "2013.04.21"]
[Round "4"]
[White "D'Andrea, Leonardo"]
[Black "Rodriguez Izarrualde, Gaston"]
[Result "0-1"]
[WhiteElo "1921"]
[BlackElo "2053"]
[PlyCount "61"]
[EventDate "2013.04.19"]
[EventType "swiss"]
[EventRounds "9"]
[EventCountry "URU"]
[SourceTitle "CBM 154 Extra"]
[Source "ChessBase"]
[SourceDate "2013.06.25"]
[SourceVersion "2"]
[SourceVersionDate "2013.06.25"]
[SourceQuality "1"]

1. d4 Nf6 2. c4 c5 3. dxc5 Qa5+ 4. Nc3 Qxc5 5. e4 Nc6 6. Be3 Qa5 7. Qd2 e6 8. Be2 Bb4 9. f3 d5 10. cxd5 exd5 11. a3 dxe4 12. Rc1 Bxc3 13. Qxc3 Qh5 14. Bc5 Be6 15. fxe4 Qh4+ 16. Kf1 Nxe4 17. Qe3 Rd8 18. Nf3 Ng3+ 19. hxg3 Qxh1+ 20. Kf2 Qh6 21. Ng5 Rd5 22. Ne4 Qxe3+ 23. Kxe3 Kd7 24. Bc4 Re5 25. Rd1+ Kc8 26. Bxe6+ Rxe6 27. Kf4 b6 28. Bf2 Rd8 29. Rc1 Kb7 30. b4 Ne5 31. Rc4 0-1

[Event "Montevideo zt 2.5"]
[Site "Montevideo"]
[Date "2013.04.20"]
[Round "3"]
[White "Michailov, Matias"]
[Black "D'Andrea, Leonardo"]
[Result "1/2-1/2"]
[WhiteElo "2158"]
[BlackElo "1921"]
[PlyCount "98"]
[EventDate "2013.04.19"]
[EventType "swiss"]
[EventRounds "9"]
[EventCountry "URU"]
[SourceTitle "CBM 154 Extra"]
[Source "ChessBase"]
[SourceDate "2013.06.25"]
[SourceVersion "2"]
[SourceVersionDate "2013.06.25"]
[SourceQuality "1"]

1. d4 Nf6 2. c4 e6 3. Nc3 Bb4 4. e3 0-0 5. a3 Bxc3+ 6. bxc3 c5 7. Bd3 b6 8. Nf3 Nc6 9. 0-0 Ba6 10. e4 Ne8 11. e5 f6 12. exf6 Nxf6 13. d5 exd5 14. cxd5 Bxd3 15. Qxd3 Ne7 16. c4 Ng6 17. Bg5 Qe7 18. Rae1 Qd6 19. Nd2 Rae8 20. Qg3 Qxg3 21. hxg3 Ng4 22. Ne4 h6 23. Bd2 N4e5 24. Nd6 Re7 25. Bc3 Nf7 26. Nf5 Rxe1 27. Rxe1 Nfe5 28. Nxh6+ gxh6 29. Bxe5 Re8 30. f4 d6 31. Bc3 Rxe1+ 32. Bxe1 b5 33. cxb5 Ne7 34. Kf2 Nxd5 35. Kf3 Nb6 36. Ke4 Kf7 37. g4 d5+ 38. Kd3 Nc4 39. f5 Nxa3 40. Bd2 Kg7 41. Be3 Nxb5 42. Bxc5 a5 43. Be3 a4 44. Bc1 a3 45. Ke3 Kf6 46. Kf4 a2 47. Bb2+ d4 48. Ke4 Kf7 49. Kd3 Kf6 1/2-1/2

[Event "Montevideo zt 2.5"]
[Site "Montevideo"]
[Date "2013.04.19"]
[Round "1"]
[White "Latorre Lopez Moreira, Luis Matias"]
[Black "D'Andrea, Leonardo"]
[Result "1/2-1/2"]
[WhiteElo "2274"]
[BlackElo "1921"]
[PlyCount "133"]
[EventDate "2013.04.19"]
[EventType "swiss"]
[EventRounds "9"]
[EventCountry "URU"]
[SourceTitle "CBM 154 Extra"]
[Source "ChessBase"]
[SourceDate "2013.06.25"]
[SourceVersion "2"]
[SourceVersionDate "2013.06.25"]
[SourceQuality "1"]

1. e4 c5 2. Nf3 d6 3. d4 cxd4 4. Nxd4 Nf6 5. Nc3 a6 6. Be3 Ng4 7. Bg5 h6 8. Bh4 g5 9. Bg3 Bg7 10. h3 Ne5 11. Nf5 Bxf5 12. exf5 Nbc6 13. Nd5 e6 14. fxe6 fxe6 15. Ne3 Qa5+ 16. Qd2 Qxd2+ 17. Kxd2 Ng6 18. Nc4 Rd8 19. Nxd6+ Ke7 20. Bd3 Nge5 21. Nxb7 Rd5 22. Ke3 Rb8 23. Bxa6 Nb4 24. c4 Nxa6 25. cxd5 Rxb7 26. d6+ Kxd6 27. b3 Nb4 28. Rad1+ Ke7 29. Bxe5 Bxe5 30. Ke4 Bf6 31. Rd2 Nd5 32. Rc1 Bc3 33. Rdc2 Rb4+ 34. Kf3 Rf4+ 35. Ke2 Bd4 36. f3 Be3 37. Rd1 Bb6 38. Rc6 Ba5 39. g3 Rf5 40. Rd4 Nc3+ 41. Kf2 Nb5 42. Re4 Nd6 43. Rd4 Nb5 44. Ra4 Bc3 45. g4 Rd5 46. Re4 Bd4+ 47. Kf1 Nd6 48. Rc7+ Kd8 49. Rh7 Nxe4 50. fxe4 Re5 51. Ke2 Rxe4+ 52. Kd3 Rf4 53. Rxh6 Kd7 54. a4 Kd6 55. a5 Kd5 56. Rh5 Rf3+ 57. Kc2 Ke4 58. b4 Rc3+ 59. Kb1 Kd3 60. Ka2 Kc2 61. Rxg5 e5 62. a6 Rg3 63. Rg8 Bc3 64. Rc8 Rg1 65. Rxc3+ Kxc3 66. a7 Rg2+ 67. Ka3 1/2-1/2

[Event "Montevideo op"]
[Site "Montevideo"]
[Date "2012.06.19"]
[Round "8"]
[White "D'Andrea, Leonardo"]
[Black "Pinero, Ismael"]
[Result "1/2-1/2"]
[WhiteElo "1887"]
[BlackElo "1883"]
[PlyCount "61"]
[EventDate "2012.06.15"]
[EventType "swiss"]
[EventRounds "9"]
[EventCountry "URU"]
[SourceTitle "CBM 149 Extra"]
[Source "ChessBase"]
[SourceDate "2012.08.24"]
[SourceVersion "1"]
[SourceVersionDate "2012.08.24"]
[SourceQuality "1"]

1. e4 c5 2. Nf3 Nc6 3. d4 cxd4 4. Nxd4 Nf6 5. Nc3 e5 6. Ndb5 d6 7. Bg5 a6 8. Na3 b5 9. Nd5 Be7 10. Bxf6 Bxf6 11. c3 Bg5 12. Nc2 Be6 13. Nce3 0-0 14. g3 Rb8 15. Bg2 a5 16. 0-0 Bxe3 17. Nxe3 Ne7 18. Kh1 f5 19. exf5 Nxf5 20. Nxf5 Bxf5 21. Qd5+ Kh8 22. Rad1 Rf6 23. f4 Be6 24. Qxd6 Qxd6 25. Rxd6 exf4 26. Re1 Bxa2 27. Rxf6 gxf6 28. Ra1 Bc4 29. Rxa5 Rd8 30. Ra8 Rxa8 31. Bxa8 1/2-1/2

[Event "Montevideo op"]
[Site "Montevideo"]
[Date "2012.06.17"]
[Round "4"]
[White "D'Andrea, Leonardo"]
[Black "Bustelo, Tabare"]
[Result "0-1"]
[WhiteElo "1887"]
[BlackElo "2090"]
[PlyCount "80"]
[EventDate "2012.06.15"]
[EventType "swiss"]
[EventRounds "9"]
[EventCountry "URU"]
[SourceTitle "CBM 149 Extra"]
[Source "ChessBase"]
[SourceDate "2012.08.24"]
[SourceVersion "1"]
[SourceVersionDate "2012.08.24"]
[SourceQuality "1"]

1. Nf3 f5 2. d3 d6 3. e4 Nc6 4. Nc3 e5 5. d4 fxe4 6. Nxe4 d5 7. Ng3 e4 8. Ne5 Nxe5 9. dxe5 Bc5 10. c4 c6 11. a3 Qb6 12. Qc2 Be6 13. b4 Bd4 14. c5 Qc7 15. Bb2 Qxe5 16. Bxd4 Qxd4 17. Rd1 Qe5 18. Be2 Nf6 19. 0-0 0-0 20. f4 Qc7 21. f5 Bd7 22. Qd2 Qe5 23. Qe3 Rf7 24. h3 Raf8 25. Bg4 h5 26. Bxh5 Nxh5 27. Nxh5 Rxf5 28. Rxf5 Qxf5 29. Ng3 Qf4 30. Re1 Qe5 31. Rd1 Bxh3 32. Rd2 Rf3 33. gxf3 Qxg3+ 34. Kh1 Bg4 35. Rf2 Bxf3+ 36. Rxf3 Qxf3+ 37. Qxf3 exf3 38. a4 g5 39. b5 cxb5 40. axb5 Kf7 0-1

[Event "Montevideo op"]
[Site "Montevideo"]
[Date "2012.06.16"]
[Round "2"]
[White "Saralegui Cassan, Mario"]
[Black "D'Andrea, Leonardo"]
[Result "1/2-1/2"]
[WhiteElo "2152"]
[BlackElo "1887"]
[PlyCount "24"]
[EventDate "2012.06.15"]
[EventType "swiss"]
[EventRounds "9"]
[EventCountry "URU"]
[SourceTitle "CBM 149 Extra"]
[Source "ChessBase"]
[SourceDate "2012.08.24"]
[SourceVersion "1"]
[SourceVersionDate "2012.08.24"]
[SourceQuality "1"]

1. d4 Nf6 2. Nf3 e6 3. c4 b6 4. g3 Bb7 5. Bg2 Bb4+ 6. Bd2 Bxd2+ 7. Qxd2 0-0 8. Nc3 d6 9. 0-0 Nbd7 10. Qc2 Qe7 11. e4 e5 12. Rfe1 Rac8 1/2-1/2

[Event "Latin Cup"]
[Site "Montevideo"]
[Date "2011.11.06"]
[Round "9"]
[White "Coppola, Claudio"]
[Black "D'Andrea, Leonardo"]
[Result "1-0"]
[WhiteElo "2092"]
[BlackElo "2125"]
[PlyCount "87"]
[EventDate "2011.11.01"]
[EventType "swiss"]
[EventRounds "9"]
[EventCountry "URU"]
[SourceTitle "EXT 2012"]
[Source "ChessBase"]
[SourceDate "2011.11.24"]
[SourceVersion "1"]
[SourceVersionDate "2011.11.24"]
[SourceQuality "1"]

1. d4 Nf6 2. c4 c5 3. d5 d6 4. Nc3 g6 5. Nf3 Bg7 6. g3 0-0 7. Bg2 Na6 8. 0-0 Nc7 9. Nd2 a6 10. Rb1 b5 11. b3 b4 12. Nce4 a5 13. Bb2 Nxe4 14. Nxe4 a4 15. Bxg7 Kxg7 16. Ra1 Bf5 17. Nd2 Kg8 18. e4 Bd7 19. f4 axb3 20. axb3 Rxa1 21. Qxa1 Qa8 22. e5 Qxa1 23. Rxa1 Bf5 24. g4 Bxg4 25. Ne4 Bf5 26. exd6 exd6 27. Nxd6 Bc2 28. Nb7 Bxb3 29. Bf1 Bc2 30. Nxc5 b3 31. Nd3 Rd8 32. Ra5 Rf8 33. Kf2 Ne8 34. Nb2 Nd6 35. Bg2 Rc8 36. Ra4 Kf8 37. Ke3 Nf5+ 38. Kd2 Nd6 39. Rb4 f5 40. Kc3 Rc7 41. Kd4 Ra7 42. c5 Nf7 43. Nc4 g5 44. d6 1-0

[Event "Latin Cup"]
[Site "Montevideo"]
[Date "2011.11.01"]
[Round "1"]
[White "Pineiro, Dario"]
[Black "D'Andrea, Leonardo"]
[Result "1/2-1/2"]
[WhiteElo "2198"]
[BlackElo "2125"]
[PlyCount "59"]
[EventDate "2011.11.01"]
[EventType "swiss"]
[EventRounds "9"]
[EventCountry "URU"]
[SourceTitle "EXT 2012"]
[Source "ChessBase"]
[SourceDate "2011.11.24"]
[SourceVersion "1"]
[SourceVersionDate "2011.11.24"]
[SourceQuality "1"]

1. e4 c5 2. Nf3 Nc6 3. d4 cxd4 4. Nxd4 Nf6 5. Nc3 e5 6. Ndb5 d6 7. Bg5 a6 8. Na3 b5 9. Nd5 Be7 10. Bxf6 Bxf6 11. c4 0-0 12. g3 Nd4 13. Bg2 Qa5+ 14. Qd2 Qxd2+ 15. Kxd2 Rb8 16. h3 Be6 17. f4 Rfd8 18. cxb5 axb5 19. Rhc1 Bxd5 20. exd5 exf4 21. gxf4 b4 22. Nc2 Re8 23. Re1 Nxc2 24. Kxc2 g6 25. Kb3 Rxe1 26. Rxe1 Bd4 27. Re4 Bc5 28. f5 Kg7 29. fxg6 hxg6 30. Bf3 1/2-1/2